Bundesliga - Prawda czy Fałsz - Statystyki

Ogólne statystyki
  • Ten quiz został rozwiązany 148 razy
  • Średni wynik to 11 z 15
Statystyki odpowiedzi
Zagadnienie Odpowiedź % Poprawnych
Gra w niej aktualnie jakiś Polak Prawda
97%
Bayer Leverkusen nie przegrał meczu w Bundeslidze w sezonie 23/24 Prawda
94%
Harry Kane pobił rekord Roberta Lewandowskiego i zdobył 43 gole Fałsz
91%
Robert Lewandowski to obcokrajowiec który zdobył najwięcej goli w Bundeslidze Prawda
86%
W Bundeslidze gra 18 zespołów Prawda
86%
Tylko Bayern Monachium wygrywa Bundesligę przez ostatnie 10 lat Fałsz
77%
RB Lipsk powstał w 21 wieku Prawda
77%
Jest 4 najlepszą ligą według UEFA Prawda
77%
Gerd Müller to zawodnik który strzelił najwięcej bramek w Bundeslidze Prawda
74%
Oliver Kahn posiada najwięcej meczów w Bundeslidze Fałsz
69%
9 klubów z tej ligi wystartuje w Europejskich pucharach Fałsz
69%
Manuel Neuer 20 meczów pod rząd nie stracił gola w Bundeslidze Prawda
66%
Bundesliga ma ponad 100 lat Fałsz
57%
Schalke 04 posiada 3 mistrzostwa Niemiec Fałsz
51%
Florian Wirtz to zawodnik który najwięcej razy asystował w sezonie 23/24 Fałsz
17%
Nie znaleziono quizów pasujących do podanych kryteriów
Rozkład punktacji
Procent ludzi z każdym wynikiem
Percentyl według liczby udzielonych odpowiedzi
Twoja historia wyników
Nie rozwiązałeś tego quizu